000 00297nam a2200145Ia 4500
100 _aValesky/Tom
942 _cBK
654 _acomputer
245 _aEnterprise Java beans
260 _bPerson Education
_c1999
082 _a5.133
_bVAL
300 _a324
546 _aENGLISH
999 _c20213
_d20213